00490nam a2200193 a 4500001001300000003000900013005001700022008004100039020001000080082001400090100001800104245002700122260004400149300000900193500003500202505001700237650002400254700001800278nice12345678IN_TiNIC20260116011320.0050524s1926 lona grp 000 0 eng  ac10000a201bSHE1 aShepherd, A P aArthur Neve of Kashmir aLondonbChurch Missionary Societyc1926 a134p aincludes index and biblioraphy2 aBibliography aChristian-Biography1 aShepherd, A P